Season 10 SNL Hosts by Picture - Statistics

General Stats
  • This quiz has been taken 33 times
  • The average score is 10 of 17
Answer Stats
Picture Answer % Correct
Eddie Murphy
97%
Christopher Reeve
94%
Hulk Hogan
94%
George Carlin
91%
Mr. T
91%
Ringo Starr
84%
Jesse Jackson
78%
Howard Cosell
50%
Alex Karras
41%
Ed Asner
41%
Kathleen Turner
41%
Ed Begley Jr
38%
Bob Uecker
31%
Harry Anderson
31%
Michael McKean
25%
Pamela Sue Martin
16%
Roy Schneider
13%
No matching quizzes found
Score Distribution
Percent of People with Each Score
Percentile by Number Answered
Your Score History
You have not taken this quiz